Slovenské magnezitové závody, akciová spoločnosť výročná správa 2001

Salvato in:
Dettagli Bibliografici
Natura: Libro
Lingua:slovacco
inglese
Pubblicazione: Jelšava Slovenské magnezitové závody, a.s. [2002]
Soggetti:
Tags: Aggiungi Tag
Nessun Tag, puoi essere il primo ad aggiungerne!!

MARC

LEADER 00000nam$a2200000$$$4500
001 0004017
005 20240108123751.8
041 0 |a slo 
041 0 |a eng 
044 |a SK 
245 1 0 |a Slovenské magnezitové závody, akciová spoločnosť  |b výročná správa 2001 
264 1 |a Jelšava  |b Slovenské magnezitové závody, a.s.  |c [2002] 
300 |a 26 s. 
610 2 0 |a suroviny nerastné 
610 2 0 |a magnezit 
610 2 0 |a ťažba surovín 
610 2 0 |a bane 
610 2 0 |a hmoty stavebné 
610 2 0 |a štruktúra organizačná 
610 2 0 |a obchod 
610 2 0 |a odbyt 
610 2 0 |a výroba 
610 2 0 |a investície 
610 2 0 |a logistika 
610 2 0 |a prostredie životné 
610 2 0 |a výsledok hospodársky 
610 2 0 |a audit